| 000 | 00747cam a2200241 4500 | ||
|---|---|---|---|
| 001 | 3686767 | ||
| 005 | 20181031020031.0 | ||
| 008 | 720619s1972 nyu 001 0 eng | ||
| 010 | _a 78173320 | ||
| 020 | _a0814452868 | ||
| 040 |
_aDLC _cDLC _dDLC |
||
| 050 | 0 | 0 |
_aHF5635 _b.S963 |
| 082 | 0 | 0 | _a657/.042/024658 |
| 100 | 1 | _aSweeny, Allen. | |
| 245 | 1 | 0 | _aAccounting fundamentals for nonfinancial executives. |
| 260 |
_a[New York] _bAmerican Management Association _c[1972] |
||
| 300 |
_aix, 147 p. _c22 cm. |
||
| 350 | _a$9.50 | ||
| 500 | _aEdition for 1974 published under title: Accounting fundamentals for nonfinancial managers. | ||
| 650 | 0 | _aAccounting. | |
| 906 |
_a7 _bcbc _corignew _d2 _encip _f19 _gy-gencatlg |
||
| 942 |
_2lcc _cBOOKS _01 |
||
| 999 |
_c8650 _d8650 |
||